000 00589nam a2200217 a 4500
999 _c6719
_d6719
001 6719
003 BD-JhCC
005 20180401115923.0
008 180129s1963 e a|||| || | 000 0 eng d
035 _a(BD-JhCC)6719
040 _aBD-JhCC
_dBD-JhCC
041 _aeng
082 _a823.91
_bWIG 1963
100 _aWighton, Rosemary
245 _akangaroo Tales :
_ba collection of Australian stories for children /
_cRosemary Wighton,
260 _aLondon :
_bPenguin Books,
_c1963
300 _a215 p. :
_c18 cm.
650 _aChildren's Stories
942 _2ddc
_cBK